Opción Amazónica (Registro nro. 8135)
[ vista simple ]
| 000 -CABECERA | |
|---|---|
| Campo de control | 01744nam a22003137a 4500 |
| 005 - FECHA Y HORA DE LA ULTIMA TRANSACCION | |
| Campo de control | 20140224120244.0 |
| 008 - ELEMENTOS DE LONGITUD FIJA—INFORMACION GENERAL | |
| Campo de control | 140224s2007 ck abdogr|||| 00| 0 spa d |
| 041 ## - IDIOMA | |
| Código de idioma para texto/pista de sonido o título separado | Español |
| 044 ## - PAÍS DE PUBLICACIÓN | |
| País de publicación | Colombia |
| 082 ## - NUMERO DE CLASIFICACION DECIMAL DEWEY | |
| Número de clasificación | 558.098 |
| Número del ítem | C82o |
| 110 2# - ASIENTO PRINCIPAL--NOMBRE CORPORATIVO | |
| Nombre corporativo o de jurisdicción como elemento de entrada | CORPOAMAZONIA |
| 245 1# - MENCION DE TITULO | |
| Título | Opción Amazónica |
| Mención de responsabilidad | CORPOAMAZONIA ; Edición Alejandro Toro Guerrero, Luis Eduardo Cerón |
| 260 3# - PUBLICACION, DISTRIBUCION, ETC. (PIE DE IMPRENTA) | |
| Lugar de publicación, distribución, etc. | Mocoa |
| Nombre del editor, distribuidor, etc. | CORPOAMAZONIA |
| Fecha de publicación, distribución, etc. | 2007 |
| 300 ## - DESCRIPCION FISICA | |
| Extensión | p. 66 |
| Otros detalles físicos | il., fot., mapas, gráficas, tablas |
| Dimensiones | 28 cm |
| 500 ## - NOTA GENERAL | |
| Nota general | Enfoque en los Mopa-mopa (Elaeagia pastoensis Mora) con la excepción del capitulo final en el municipio de Mocoa, departamento del Putumayo |
| 504 ## - NOTA DE BIBLIOGRAFIA, ETC. | |
| Nota de bibliografía | Contiene bibliografía al final de cada capitulo; excepto el capitulo final |
| 505 2# - NOTA DE CONTENIDO | |
| Nota de contenido | Identificación y Caracterización p. 5 ; Estudio de propagación vegetativa por estacas, esquejes y acodos aéreos p. 15 ; Diagnóstico socio-económico de la cadena forestal productiva p. 27 ; Estudio de variables ecológicas p. 41 ; Evaluación del potencial acuicola del Bagre Rayado (Pseudoplatystoma fasciatum) a diferentes densidades de siembre, en el Centro Experimental Amazónico (CEA) de CORPOAMAZONIA p. 61 |
| 650 ## - ASIENTO SECUNDARIO DE MATERIA - TERMINO TEMATICO | |
| Término temático o nombre geográfico como elemento de entrada | Elaeagia pastoensis Mora |
| Subdivisión de forma | Revista |
| Subdivisión general | Mopa-mopa |
| Subdivisión geográfica | Mocoa, Colombia |
| 650 ## - ASIENTO SECUNDARIO DE MATERIA - TERMINO TEMATICO | |
| Término temático o nombre geográfico como elemento de entrada | Ciencia |
| Subdivisión de forma | Revista |
| Subdivisión geográfica | Mocoa, Colombia |
| 650 ## - ASIENTO SECUNDARIO DE MATERIA - TERMINO TEMATICO | |
| Término temático o nombre geográfico como elemento de entrada | Cultura |
| Subdivisión de forma | Revista |
| Subdivisión geográfica | Mocoa, Colombia |
| 700 1# - ASIENTO SECUNDARIO - NOMBRE PERSONAL | |
| Nombre personal | Toro Guerrero, Alejandro |
| Término de relación | Edición |
| 700 1# - ASIENTO SECUNDARIO - NOMBRE PERSONAL | |
| Nombre personal | Cerón, Luis Eduardo |
| Término de relación | Edición |
| 700 1# - ASIENTO SECUNDARIO - NOMBRE PERSONAL | |
| Nombre personal | López Dueñas, Fernando |
| Término de relación | fot. |
| 700 1# - ASIENTO SECUNDARIO - NOMBRE PERSONAL | |
| Nombre personal | Toro Guerrero, Alejandro |
| Término de relación | fot. |
| 700 1# - ASIENTO SECUNDARIO - NOMBRE PERSONAL | |
| Nombre personal | Gómez, Carlos Alberto |
| Término de relación | fot. |
| 700 1# - ASIENTO SECUNDARIO - NOMBRE PERSONAL | |
| Nombre personal | Galindez Cuayal, Ximena |
| Término de relación | fot. |
| 700 1# - ASIENTO SECUNDARIO - NOMBRE PERSONAL | |
| Nombre personal | Aponte Castilla, Daniel Mauricio |
| Término de relación | fot. |
| 942 ## - ELEMENTOS ADICIONALES (KOHA) | |
| Sistema de clasificación | Dewey Decimal Classification |
| Tipo de ítem | Impreso |
| Withdrawn status | Lost status | Sistema de Clasificación | Damaged status | No para préstamo | Colección | Inventariado | Ubicación Permanente | Ubicación actual | Fecha de adquisición | Fuente de Valor | Valor | Total Checkouts | Número topográfico | Inventario / Código de Barras | Date last seen | Ejemplar | Price effective from | Forma de adquisición | Tipo de material |
|---|---|---|---|---|---|---|---|---|---|---|---|---|---|---|---|---|---|---|---|
| Dewey Decimal Classification | General | Inventariado 2017 | Bogotá | Bogotá | 24/02/2014 | Instituto | 39000.00 | LB-558.098 C82o | 034048 | 24/02/2014 | Ej. 1 | 24/02/2014 | Libro |